| 000 | 00706nam a2200241 a 4500 | ||
|---|---|---|---|
| 001 | 66435 | ||
| 003 | BD-RjUL | ||
| 005 | 20211209081537.0 | ||
| 008 | 170316r19581956maua b 000 0 eng d | ||
| 035 | _a(BD-RjUL)66565 | ||
| 035 | _a(OCoLC)1223983 | ||
| 040 |
_aDLC _cFO _dOCoLC _dUk _dBD-RjUL _beng |
||
| 041 | _aeng | ||
| 082 |
_223 _a623.4519 _bPAG 1958 |
||
| 100 | 1 |
_aParson, Nels A. _9196605 |
|
| 245 | 1 | 0 |
_aGuided missiles in war and peace / _cNels A Parson. |
| 260 |
_aCambridge: _bHarvard University Press, _cc1956 [Printing 1958]. |
||
| 300 |
_ax, 161 p. : _bill. ; _c24 cm. |
||
| 504 | _aIncludes Bibliography. | ||
| 650 | 0 |
_aGuided missiles. _9148733 |
|
| 942 |
_2ddc _cBK |
||
| 999 |
_c66435 _d66435 |
||